Paroles - On Verra - Nekfeu - Statistiques

Statistiques générales
  • Ce quiz a été pris 11 084 fois
  • Le résultat moyen est 316 sur 486
Statistiques - réponses
Réponses % Correct
On
100%
on
100%
la
98%
La
98%
que
96%
le
95%
verra
95%
à
93%
a
93%
bien
93%
ce
92%
Ce
92%
en
92%
En
92%
Et
91%
et
91%
se
90%
Se
90%
de
89%
ma
89%
pas
89%
un
89%
ça
88%
les
88%
Les
88%
nous
88%
qu'à
86%
quand
85%
Quand
85%
Être
83%
être
83%
j'ai
83%
J'ai
83%
Je
83%
je
83%
l'avenir
82%
vie
82%
du
81%
réservera
81%
par
80%
fait
79%
flemme
79%
pense
79%
mal
78%
quotidien
78%
t'y
78%
couple
77%
cours
77%
sèche
77%
tiens
77%
c'que
76%
C'que
76%
marque
76%
rien
75%
si
75%
viens
75%
faire
74%
peu
74%
une
74%
des
72%
Même
72%
même
72%
parle
71%
seul
71%
qui
70%
vrai
70%
son
69%
tout
69%
Vas-y
69%
jeunes
68%
pièce
68%
puzzle
68%
trouvé
68%
bas
67%
manquante
67%
sens
67%
toujours
67%
dans
66%
Mais
66%
mais
66%
prouver
66%
véranda
66%
d'amour
65%
j'me
65%
parlera
65%
sont
65%
verre
65%
n'y
64%
ouvert
64%
boîte
63%
chez
63%
ira
63%
l'épicier
63%
pour
63%
tour
63%
fou
62%
jamais
62%
position
62%
possession
62%
Quelle
62%
temps
62%
est
61%
commander
60%
comme
60%
Mon
60%
prend
60%
valeurs
60%
demain
59%
Elevé
59%
fétards
59%
foetale
59%
homme
59%
ironie
59%
naître
59%
peine
59%
vieux
58%
j'serai
57%
qu'il
57%
soir
57%
rêveur
56%
t'as
56%
ne
55%
vraie
55%
j'pense
54%
monde
54%
Plus
54%
plus
54%
accomplir
53%
entassés
53%
verront
53%
Sa
52%
route
51%
toute
51%
j'vais
50%
mourir
50%
part
50%
qu'ils
49%
conduire
48%
laisserai
48%
l'vertige
48%
m'reste
48%
ronne-da
48%
ai
47%
ceux
47%
d'drogues
47%
rend
47%
bu
46%
couilles
46%
d'argent
46%
j'te
46%
Moi
46%
prêt
46%
DVD
45%
J'suis
45%
voit
45%
au
44%
guerre
44%
peur
44%
qu'on
44%
piratés
43%
queue
43%
t'casser
42%
tous
42%
foutre
41%
Ken
41%
Y'a
41%
y'a
41%
sent
40%
clair
39%
froid
39%
moins
39%
papa
39%
tabac
39%
tête
39%
volé
39%
bateau
38%
file
37%
Martin
37%
mater
37%
matin
37%
Luther
36%
trois
36%
trop
36%
avant
35%
Combien
35%
défaites
35%
l'on
35%
mes
35%
midi
35%
petit
35%
d'droits
34%
d'enchaîner
34%
d'une
34%
écrivain
34%
ordi
34%
perquis'
34%
derrière
33%
est-ce
33%
King
33%
pensent
33%
taf'
33%
avec
32%
devenait
32%
d'fois
32%
lèvent
32%
m'croit
32%
n'en
32%
Oui
32%
projets
32%
puis
32%
s'voit
32%
tapent
32%
attend
31%
chier
31%
consommation
31%
non
31%
m'amuser
30%
Pendant
30%
Car
29%
cassent
29%
Ici
29%
rater
29%
s'parle
29%
Ah
28%
débiles
28%
devenus
28%
rapide
28%
seulement
28%
s'fait
28%
vraiment
28%
l'amour
27%
cances-va
26%
copains
26%
coeur
25%
insultes
25%
lance
25%
J'en
24%
n'aime
24%
révisaient
24%
parfois
23%
mains
22%
regard
22%
arabiques
21%
aux
21%
coke
21%
consonnances
21%
qu'ses
21%
joue
20%
nez
20%
rappe
20%
gros
19%
Nos
19%
sentent
19%
s'renfloue
19%
bouffe
18%
j'écris
18%
l'envers
18%
sappes
18%
1995
17%
nerfs
17%
pensées
17%
rapplique
17%
S-Crew
17%
marche
16%
N'aie
16%
corps
15%
fonctionnent
15%
Krilin
15%
L'Entourage
15%
stars
15%
têtes
13%
touche
13%
Blackbird
10%
ceau-mor
9%
Aucun quiz correspondant
Distribution des résultats
% des personnes avec chaque résultat
Percentile par nombre de réponses
Votre historique - résultats
Vous n’avez pas pris ce quiz